Marvel Rivals Ultimate Quiz - Statistics

General Stats
  • This quiz has been taken 598 times
  • The average score is 50 of 117
Answer Stats
Ultimate Name % Correct
Goddess Of Death Hela
94%
Freedom Charge Captain America
90%
God Of Thunder Thor
83%
Hulk Smash Hero Hulk
82%
God Of Mischief Loki
81%
Hand Of Khonshu Moon Knight
81%
Puny Banner Bruce Banner
79%
Eye Of Agamotto Doctor Strange
79%
It's Jeff! Jeff The Land Shark
79%
Omega Hurricane Storm
79%
Supernova Human Torch
78%
Living Chi Iron Fist
78%
Spider-Sweeper Peni Parker
78%
Unbeatable Squirrel Tsunami Squirrel Girl
78%
Clobberin' Time The Thing
78%
Hunter's Sight Hawkeye
77%
Invincible Pulse Cannon Iron Man
77%
Darkchild Magik
77%
Final Judgement The Punisher
77%
Dance Of The Butterfly Psylocke
76%
Electro-Plasma Explosion Black Widow
75%
Invisible Boundary Invisible Woman
75%
Karmic Revival Adam Warlock
74%
Bast's Descent Black Panther
74%
Kraken Impact Winter Soldier
74%
Galactic Legend Star Lord
70%
Meteor M Magneto
69%
Horn Of Proteus Namor
69%
C.Y.A Rocket Raccoon
69%
Reality Erasure Scarlet Witch
69%
Groot I am Groot
66%
Captain America Assemble
64%
Brainiac Bounce Mister Fantastic
64%
World Breaker Monster Hulk
64%
Eternal Bond Cloak & Dagger
63%
Magneto Fear Magneto
63%
Strangling Prison Groot
63%
Spectacular Spin Spider-Man
62%
Doctor Strange By the Eye of Agamotto
58%
Feast Of The Abyss Venom
58%
Venom We are Venom
58%
Fate Of Both Worlds Luna Snow
57%
Peni Parker It's Spider Time
56%
Hero Hulk Hulk Smash
55%
Bruce Banner I'm Hulking Out
55%
Soul Resurgence Mantis
55%
Human Torch Supernova
55%
The Thing Its Clobberin Time
52%
Star Lord Legendary
51%
Iron Man Maximum Pulse
51%
Scarlet Witch Pure Chaos
51%
Black Widow Plasma Burst
50%
Moon Knight The Moon Haunts You
50%
Magik Behold Darkchild
49%
Last Stand Wolverine
49%
Thor Behold the God of Thunder
47%
The Punisher Judge Jury Executioner
47%
Winter Soldier Armed and Dangerous
46%
Mister Fantastic Fantastic
46%
Black Panther Tremble before Bast
46%
Loki Your powers are mine
45%
Squirrel Girl Squirrel Stampede
44%
Spider-Man Don't Mess With The Amazing Spiderman
43%
Adam Warlock Born Again
42%
Invisible Woman Disappear
42%
Cloak & Dagger Us Against The World
42%
Mantis We Are Undefeatable
39%
Hela Hel Unleashed
37%
Namor Horn
37%
Hawkeye Woo I never miss
37%
Iron Fist Qi guan chang hong
34%
Groot We Are Groot
33%
Luna Snow I am ready to put on a show
30%
Storm Feel the Wrath of the Goddess
29%
Magneto For Mutantkind
24%
Hela A Feast For My Crows
17%
Squirrel Girl My Friends Are Here
17%
Spider-Man You Get a Web and You Get a Web
17%
Rocket Raccoon Hey Team Enjoy The Amplifier
16%
Captain America Together To Victory
16%
Monster Hulk Roar
15%
Winter Soldier Stand Down
15%
Black Panther Bast Grace Us With Victory
14%
Mantis Friends Gather Around
14%
Namor Horn
14%
Doctor Strange I unleash the Vishantis Power
14%
Iron Man Pulse Charge Fire
14%
Adam Warlock Rise My Friends
14%
Invisible Woman Shields Up
14%
Venom We Hunger
14%
Black Widow Mind the Exploding Plasma
13%
Scarlet Witch The Perfect Hex
13%
Psylocke Watch Me Soar
13%
The Punisher I'm Doing This My Way
12%
Jeff The Land Shark Yummy Yummy
12%
Star Lord Alright
11%
Storm Hurricane Incoming
11%
Moon Knight Leave Them To Khonshu
11%
Bruce Banner My Turn Now
11%
Human Torch I'm Bright Like A Star
10%
Magik Limbo Stands With You
10%
Mister Fantastic Problem Solved
10%
Peni Parker Spider Mode
10%
Psylocke Cho no mai o kurae
9%
Cloak & Dagger Co-op Time
9%
Hero Hulk Now Hulk Mad
9%
Rocket Raccoon Now This is Real Firepower
9%
Iron Fist The Dragon Unleashed
9%
Thor I am Asgard's Might
8%
Luna Snow Its the Grand Finale
8%
The Thing My Favourite Time
8%
Wolverine Berserker Rage
7%
Loki Bring on the Chaos
7%
Hawkeye Here's How You Shoot
7%
Jeff The Land Shark Om nom nom
6%
Monster Hulk Roar
5%
Wolverine Grunts
2%
No matching quizzes found
Score Distribution
Percent of People with Each Score
Percentile by Number Answered
Your Score History
You have not taken this quiz